B04 バス停名クイズ - 京都市営バス ver. - Statistics

General Stats
  • This quiz has been taken 153 times
    111 since last reset
  • The average score is 117 of 709
Answer Stats
Answer % Correct
京都駅前
88%
北大路バスターミナル(地下鉄北大路駅)
72%
四条河原町
70%
四条烏丸(地下鉄四条駅)
70%
北野白梅町
65%
京都市役所前
65%
四条大宮
65%
祇園
63%
金閣寺道
63%
二条駅前
63%
九条車庫前
58%
四条堀川
58%
二条城前
58%
西大路四条(阪急・嵐電西院駅)
58%
西ノ京円町(JR円町駅)
58%
河原町丸太町
56%
銀閣寺道
56%
三条京阪前
56%
四条高倉
56%
千本北大路
56%
出町柳駅前
56%
西大路御池
56%
西大路三条
56%
わら天神前
56%
烏丸御池
54%
烏丸北大路
54%
河原町今出川
54%
北大路堀川
54%
千本今出川
54%
立命館大学前
54%
烏丸五条(地下鉄五条駅)
54%
立命館大学前(キャンパス内)
54%
烏丸七条
53%
河原町三条
53%
北野天満宮前
53%
河原町五条
51%
四条京阪前
51%
下京区総合庁舎前
51%
千本中立売
51%
千本丸太町
51%
烏丸今出川(地下鉄今出川駅)
51%
東山三条(地下鉄東山駅)
51%
西大路七条
49%
京都外大前
47%
国際会館駅前
47%
堀川今出川
47%
京都駅八条口
46%
錦林車庫前
46%
千本旧二条
46%
七条堀川
46%
百万遍
46%
堀川丸太町
46%
嵐山(渡月橋北詰)
46%
烏丸丸太町(地下鉄丸太町駅)
46%
北大路新町
44%
銀閣寺前
44%
植物園前
44%
大将軍
44%
西大路五条
44%
河原町松原
42%
北山駅前
42%
衣笠校前
42%
四条西洞院
42%
堀川五条
42%
洛北高校前
42%
太秦天神川駅前
40%
北白川
40%
建勲神社前
40%
五条坂
40%
下鴨神社前
40%
東福寺
40%
西大路駅前
40%
佛教大学前
40%
堀川御池
40%
ライトハウス前
40%
上七軒
39%
熊野神社前
39%
玄琢
39%
荒神口
39%
大徳寺前
39%
七条大宮・京都水族館前
39%
府立医大病院前
39%
堀川三条
39%
松尾大社前
39%
松尾橋
39%
葵橋西詰
37%
大宮五条
37%
烏丸三条
37%
烏丸六条
37%
清水道
37%
千本上立売
37%
太子道
37%
高野
37%
同志社前
37%
七条河原町
37%
七条京阪前
37%
船岡山
37%
松ヶ崎駅前
37%
みぶ操車場前
37%
山越
37%
桂駅西口
35%
上賀茂神社前
35%
上京区総合庁舎前
35%
北野中学前
35%
千本三条・朱雀立命館前
35%
高雄
35%
東寺道
35%
西大路松原
35%
西本願寺前
35%
岩倉操車場前
33%
桂駅東口
33%
烏丸一条
33%
烏丸松原
33%
河原町正面
33%
乾隆校前
33%
桜木町
33%
竹田駅東口
33%
知恩院前
33%
西大路九条
33%
西賀茂車庫前
33%
花園駅前
33%
山越中町
33%
今出川大宮
32%
大宮松原
32%
御室
32%
京大正門前
32%
京大病院前
32%
新葵橋
32%
千本鞍馬口
32%
西大路花屋町
32%
堀川中立売
32%
一乗寺下り松町
30%
岡崎道
30%
京都産大前
30%
玄琢下
30%
裁判所前
30%
四条御前通
30%
四条中新道
30%
千本出水
30%
大覚寺
30%
宝ヶ池
30%
竹田駅西口
30%
東山七条
30%
堀川松原
30%
洛西バスターミナル
30%
一条戻橋・晴明神社前
28%
今出川浄福寺
28%
馬町
28%
叡電元田中
28%
御室仁和寺
28%
烏丸二条
28%
四条葛野大路
28%
鷹峯源光庵前
28%
栂ノ尾
28%
七条千本
28%
堀川上立売
28%
堀川下立売
28%
横大路
28%
一本松
26%
北白川別当町
26%
京大農学部前
26%
京都駅八条口アバンティ前
26%
修学院道
26%
中書島
26%
西京極
26%
丸太町御前通
26%
龍安寺前
26%
塩小路高倉・京都市立芸術大学前
26%
地下鉄九条駅前(大石橋)
26%
大宮交通公園前
25%
岡崎神社前
25%
北白川校前
25%
北白川仕伏町
25%
九条近鉄前
25%
車折神社前
25%
久我
25%
左京区総合庁舎前
25%
島原口
25%
修学院駅前
25%
高野橋東詰
25%
糺ノ森
25%
西大路八条
25%
東山二条・岡崎公園口
25%
堀川下長者町
25%
壬生寺道
25%
上賀茂御薗橋
23%
九条大宮
23%
九条河原町
23%
久世橋西詰
23%
久世橋東詰
23%
五条西洞院
23%
小松原児童公園前
23%
七条西洞院
23%
東山仁王門
23%
東山安井
23%
柊野
23%
丸太町七本松
23%
今熊野
21%
太秦映画村道
21%
帷子ノ辻
21%
加茂川中学前
21%
久我石原町
21%
五条高倉
21%
堺町御池
21%
新町御池
21%
土天井町
21%
原谷
21%
府立大学前
21%
堀川鞍馬口
21%
横大路車庫前
21%
JR長岡京駅(東口)
21%
旭ヶ丘
19%
稲荷大社前
19%
今宮神社前
19%
岡崎公園 動物園前
19%
桂坂中央
19%
上高野
19%
上堀川
19%
京阪淀駅
19%
五条京阪前
19%
近衛通
19%
嵯峨嵐山駅前
19%
植物園北門前
19%
真如堂前
19%
高木町
19%
地下鉄十条駅前
19%
東寺南門前
19%
七条御前通
19%
西京極駅前
19%
二条駅西口
19%
花園橋
19%
阪急嵐山駅前
19%
東高縄町
19%
東天王町
19%
堀川蛸薬師
19%
槇ノ尾
19%
丸太町京阪前
19%
妙心寺前
19%
紫野泉堂町
19%
洛西口駅前
19%
羅城門
19%
上終町・瓜生山学園 京都芸術大学前
19%
JR桂川駅前
19%
飛鳥井町
18%
一乗寺木ノ本町
18%
太秦広隆寺前
18%
北木ノ畑町
18%
西院巽町
18%
嵯峨瀬戸川町
18%
四条中学前
18%
下久世
18%
神宮道
18%
神泉苑前
18%
泉涌寺道
18%
田中大久保町
18%
等持院道
18%
東寺西門前
18%
東寺東門前
18%
東福寺道
18%
西賀茂橋東詰
18%
西洞院松原
18%
東元町
18%
柊野別れ
18%
堀川寺ノ内
18%
松ヶ崎大黒天
18%
丸太町智恵光院
18%
南区総合庁舎前
18%
龍谷大学前
18%
有栖川
16%
梅津段町
16%
大宮中立売
16%
上桂駅前
16%
川端二条
16%
京都リサーチパーク前
16%
三ノ宮
16%
七本松仁和寺街道
16%
下岸町
16%
浄土寺
16%
神光院前
16%
竹田出橋
16%
等持院東町
16%
西洞院仏光寺
16%
博物館三十三間堂前
16%
パルスプラザ前
16%
福王子
16%
府立体育館前
16%
文化庁前・府庁前
16%
山ノ内
16%
岡崎公園 美術館・平安神宮前
16%
JR藤森駅前
16%
朝露ヶ原町
14%
太秦開町
14%
上賀茂橋
14%
烏丸下立売
14%
久世殿城町
14%
嵯峨小学校前
14%
下緑町
14%
修学院離宮道
14%
常徳寺前
14%
千本十条
14%
智恵光院中立売
14%
七条壬生川
14%
双ヶ丘
14%
南禅寺・永観堂道
14%
西京極運動公園前
14%
日新電機前
14%
松ヶ崎海尻町
14%
御薗口町
14%
深泥池
14%
免許試験場前
14%
物集女
14%
洛北高校正門前
14%
梅小路公園・JR梅小路京都西駅前
14%
出雲路橋
12%
一乗寺清水町
12%
太秦開日町
12%
梅宮大社前
12%
大宮田尻町
12%
岡崎法勝寺町
12%
桂小橋
12%
桂離宮前
12%
上鳥羽
12%
烏丸下長者町
12%
川田道
12%
北山橋東詰
12%
京都先端科学大学前
12%
京橋
12%
九条御前通
12%
久世工業団地前
12%
国道赤池
12%
国道三ノ宮
12%
国道東野
12%
ゴルフ場前
12%
西寺前
12%
市民防災センター前
12%
下鳥田町
12%
釈迦谷口
12%
新林公団住宅前
12%
新林センター前
12%
青少年科学センター前
12%
千代原口
12%
天神公園前
12%
等持院南町
12%
中久世
12%
西ノ京馬代町
12%
西洞院六条
12%
原谷口
12%
平岡八幡前
12%
柊野グラウンド前
12%
広沢池・佛大広沢校前
12%
妙心寺北門前
12%
元町
12%
やまごえ温水プール前
12%
立命館西園寺記念館前
12%
嵐山公園(渡月橋南詰)
12%
赤池
11%
出雲路神楽町
11%
一乗寺赤ノ宮町
11%
一乗寺北大丸町
11%
牛若
11%
宇多野病院前
11%
大宮小野堀町
11%
大宮総門口町
11%
大宮大門町
11%
蚕ノ社
11%
桂大橋
11%
上賀茂小学校前
11%
河原町十条
11%
河原町八条
11%
北園町
11%
衣笠氷室町
11%
京大桂キャンパス前
11%
警察学校前
11%
京阪中書島・伏見港公園
11%
七本松出水
11%
下鴨東本町
11%
下総町
11%
十条油小路
11%
十条大宮
11%
十条竹田街道
11%
城南宮
11%
市立病院前
11%
高雄小学校前
11%
鷹峯上ノ町
11%
丹波橋
11%
野々神町
11%
野々宮
11%
伯楽町
11%
原谷農協前
11%
藤森神社
11%
松ヶ崎橋
11%
嵐山天龍寺前(嵐電嵐山駅)
11%
伊織町
9%
出雲路俵町
9%
一乗寺高槻町
9%
岩倉大鷺町
9%
馬塚町
9%
上鳥羽塔ノ森
9%
吉祥院天満宮前
9%
近鉄上鳥羽口駅前
9%
久我の杜
9%
国道中山
9%
五条壬生川
9%
五条大和大路・東山開睛館前
9%
小渕町
9%
塩小路橋
9%
志久呂橋
9%
志久呂橋西詰
9%
芝本
9%
下嵯峨
9%
高原町
9%
田中樋ノ口町
9%
鳴滝本町
9%
西賀茂中学北
9%
西小路御池
9%
西ノ京塚本町
9%
西洞院正面
9%
東北園町
9%
菱川
9%
藤ノ森
9%
藤森神社前
9%
法然院町
9%
南工業団地前
9%
南広町
9%
向日回生病院前
9%
山科団地
9%
山科西野
9%
山ノ前町
9%
ユースホステル前
9%
洛西高校前
9%
嵐電宇多野駅前
9%
嵐電妙心寺駅前
9%
梅小路公園・京都鉄道博物館前
9%
一乗寺青城町
7%
梅津西浦町
7%
桂坂センター前
7%
上賀茂松本町
7%
勧進橋
7%
木辻南町
7%
吉祥院嶋高町
7%
吉祥院長田町
7%
小枝橋
7%
国道塚原
7%
御香宮前
7%
境谷大橋
7%
境谷センター前
7%
下竹殿町
7%
下鳥羽
7%
下三栖
7%
城南宮道
7%
新間ノ町二条
7%
墨染
7%
住吉
7%
高雄病院前
7%
高橋南
7%
長福寺道
7%
塔ノ下町
7%
西大手筋
7%
西桂坂
7%
西丹波橋
7%
馬場
7%
東桂坂
7%
深草西浦町
7%
府道横大路
7%
紫野上野町
7%
山越東町
7%
岡崎公園 ロームシアター京都・みやこめっせ前
7%
石原団地前
5%
一乗寺梅ノ木町
5%
一乗寺地蔵本町
5%
太秦北路町
5%
生田口
5%
小畑川公園北口
5%
桂イノベーションパーク前
5%
上池田町
5%
上賀茂石計町
5%
上賀茂榊田町
5%
上賀茂菖蒲園町
5%
上鳥羽馬廻
5%
上鳥羽小学校前
5%
河原町東寺道
5%
吉祥院池田町
5%
吉祥院堂ノ後町
5%
九条七本松
5%
黒橋
5%
光華学園前
5%
工業団地前
5%
庚申前
5%
神殿町
5%
国道大手筋
5%
国道下鳥羽
5%
嵯峨釈迦堂前
5%
嵯峨野秋街道町
5%
猿田彦橋
5%
鈴虫寺・苔寺道
5%
桃陵団地前
5%
鳥羽大橋北詰
5%
中ノ橋五条
5%
奈須野
5%
鳴滝松本町
5%
西賀茂井ノ口町
5%
西賀茂庄田町
5%
八条油小路
5%
東竹の里町
5%
福西遺跡公園前
5%
棒鼻
5%
松ノ下町
5%
御経坂
5%
南春日町
5%
南田町
5%
宮ノ前町
5%
山ノ内御池
5%
左京区総合庁舎・京都工芸繊維大学前
5%
板橋
4%
岩ノ本町
4%
右京ふれあい文化会館前
4%
太秦東口
4%
宇多野御屋敷町
4%
梅津石灘町
4%
大原野小学校前
4%
樫原
4%
桂川小学校前
4%
桂坂小学校前
4%
桂消防署前
4%
桂徳大寺
4%
葛野大路八条
4%
上桂前田町
4%
上桂御正町
4%
上賀茂豊田町
4%
上鳥羽村山町
4%
上野橋
4%
上樋爪
4%
上宮ノ前町
4%
北白川小倉町
4%
北福西町
4%
吉祥院運動公園前
4%
吉祥院西ノ茶屋町
4%
教育大学前
4%
京都明徳高校前
4%
久世橋通新町
4%
久我御旅町
4%
国道沓掛口
4%
国道東土川
4%
御所ノ口
4%
嵯峨中学前
4%
三条春日
4%
三町
4%
三ノ宮街道
4%
三宝寺
4%
下町
4%
下津林大般若町
4%
新林池公園
4%
角倉町
4%
聖母女学院前
4%
川勝寺
4%
僧坊町
4%
大門町
4%
竹田内畑町
4%
谷ヶ辻町
4%
天蓋公園前
4%
常盤・嵯峨野高校前
4%
中久世一丁目
4%
七瀬川町
4%
西京区役所前
4%
西京極午塚町
4%
西京極小学校前
4%
西小路花屋町
4%
西竹の里町
4%
西ノ京藤ノ木町
4%
野田町
4%
八条大宮
4%
花園扇野町
4%
東側町
4%
東新林町
4%
肥後町
4%
菱妻神社前
4%
樋爪口
4%
樋爪町
4%
広沢御所ノ内町
4%
伏見インクライン前
4%
松尾大利町
4%
松室北河原町
4%
三栖大黒町
4%
南福西町二丁目
4%
洛水高校前
4%
六孫王神社前
4%
南福西町(竹林公園前)
4%
油小路丹波橋・アクト京都前
2%
右京の里
2%
牛ヶ瀬
2%
太秦小学校前
2%
内田町
2%
梅ヶ畑清水町
2%
御土居
2%
樫原小学校前
2%
樫原塚ノ本町
2%
樫原秤谷町
2%
樫原水築町
2%
勝山町
2%
桂高校前
2%
桂御陵坂
2%
桂坂口
2%
桂滝川町
2%
葛野大路九条
2%
葛野大路高辻
2%
葛野大路花屋町
2%
神川小学校前
2%
烏丸札ノ辻
2%
川島町
2%
北福西町一丁目
2%
吉祥院高畑町
2%
吉祥院前田町
2%
吉祥院宮ノ西町
2%
久世大藪町
2%
久世七本松
2%
久世橋通大宮
2%
御陵町
2%
地蔵前
2%
下桂
2%
下久我
2%
下津林六反田
2%
十条相深町
2%
十条新町
2%
城南宮東口
2%
高田町
2%
月輪
2%
築山
2%
月読橋
2%
西大橋西詰
2%
西久宝寺町
2%
西墨染通
2%
西寺町
2%
納所北城堀
2%
納所町
2%
八条中学前
2%
八丁畷
2%
花の舞公園前
2%
東竹の里橋
2%
東土川橋
2%
東寺町
2%
広芝町
2%
ふれあいの里
2%
坊町
2%
三栖公園前
2%
南太秦
2%
南福西町三丁目
2%
南松ノ木町
2%
莚田町
2%
紅葉町
2%
桃山中学前
2%
安井西口
2%
洛西大橋
2%
大枝山町西
0%
大枝山町東
0%
大原野上里北ノ町
0%
落合町
0%
樫原鴫谷
0%
桂中学前
0%
上桂西居町
0%
上桂東ノ口
0%
上里
0%
上ノ町
0%
唐戸町
0%
川島粟田町
0%
川島六ノ坪町
0%
北上久世
0%
北沓掛町六丁目
0%
北ノ口
0%
吉祥院壱ノ段町
0%
吉祥院車道町
0%
吉祥院蒔絵町
0%
久世橋通油小路
0%
公会堂前
0%
五丁橋
0%
自衛隊前
0%
史跡公園前
0%
下津林中島
0%
下鳥羽城ノ越町
0%
城ヶ前町
0%
新林中通
0%
直違橋一丁目
0%
高鼻町
0%
竹田久保町
0%
竹田城南宮道
0%
竹田浄菩提院町
0%
中央公園南口
0%
月見ヶ丘
0%
常盤御池町
0%
常磐野小学校前
0%
富ノ森
0%
中桂
0%
西板橋
0%
西境谷町三丁目
0%
納所岸ノ下
0%
羽束師志水町
0%
平田町
0%
深草北蓮池町
0%
深草下川原町
0%
福西竹の里
0%
伏見警察署前
0%
札ノ辻
0%
船戸町
0%
平和台町
0%
水垂町
0%
峰ヶ堂町一丁目
0%
峰ヶ堂町三丁目
0%
宮前橋西詰
0%
最上町
0%
南横大路(さすてな京都前)
0%
No matching quizzes found
Score Distribution
Percent of People with Each Score
Percentile by Number Answered
Your Score History
You have not taken this quiz since the last reset